| 000 | 00834nmc a2200289 a 4500 | ||
|---|---|---|---|
| 003 | AR-BaBNM | ||
| 005 | 20251128205218.0 | ||
| 008 | 011101s1997 ||||||||||||||000 | spa|| | ||
| 020 | _a950-02-5814-5 | ||
| 040 | _cAR-BaBNM | ||
| 100 | 1 | _aParedes de Meaños, Zulema | |
| 245 | 1 | 0 |
_aLos contenidos transversales _bformación ética y ciudadana |
| 260 |
_aBuenos Aires _bEl Ateneo _c1997 |
||
| 300 | 0 |
_a83 p. _bdiagr. |
|
| 490 | 0 | _aNuevos aires en educación | |
| 504 | _aBibliografía: p. 82-83 | ||
| 650 | 4 | _aEDUCACION MORAL | |
| 650 | 4 | _aVALORES MORALES | |
| 650 | 4 | _aTECNICAS DE ENSENANZA | |
| 653 | 0 | _aTEMAS TRANSVERSALES | |
| 653 | 0 | _aFORMACION ETICA Y CIUDADANA | |
| 653 | 0 | _aEDUCACION GENERAL BASICA | |
| 700 | 1 | _aMassa, Carlos | |
| 800 | 1 |
_aPerriconi, Graciela _ecoordinador |
|
| 942 | _cBK | ||
| 998 | _cSILVI | ||
| 999 |
_c10475 _d10475 |
||